Vainqueurs de la ligue 2 (mort subite) - Statistiques

Statistiques générales
  • Ce quiz a été pris 304 fois
  • Le résultat moyen est 4 sur 23
Answers on the Grid
Answers color-coded by a green-red scale on the quiz's grid according to % correct below.
FC Nantes
Paris SG
FC Lorient
Alès
FC Metz
Sporting Toulon
FC Annecy
ESTAC Troyes
Paris FC
Gueugnon
Tours FC
Pau FC
Chamois Niortais FC
Le Havre AC
Martigues
US Valenciennes Anzin
Evian Thonon Gaillard FC
Amiens
SCO Angers
LB Châteauroux
Clermont Foot 63
FC Nancy
Matra Racing
EA Guingamp
Quevilly Rouen Métropole
Rouen
Racing Besançon
Istres
Montpellier Paillade
SC Bastia
USL Dunkerque
Olympique Lyonnais
Olympique de Marseille
Dijon FCO
GFC Ajaccio
FC Sochaux Montbéliard
AC Ajaccio
Le Mans
US Concarneau
OGC Nice
 
Statistiques - réponses
Réponse % Correct
FC Metz
56%
FC Lorient
49%
Paris SG
39%
ESTAC Troyes
38%
Le Havre AC
36%
Olympique de Marseille
25%
SCO Angers
25%
Evian Thonon Gaillard FC
16%
AC Ajaccio
15%
FC Nancy
15%
OGC Nice
15%
FC Sochaux Montbéliard
12%
Olympique Lyonnais
12%
SC Bastia
11%
Montpellier Paillade
10%
Alès
6%
Gueugnon
6%
US Valenciennes Anzin
6%
Tours FC
5%
Martigues
4%
LB Châteauroux
3%
Matra Racing
3%
Rouen
2%
Aucun quiz correspondant
Distribution des résultats
% des personnes avec chaque résultat
Percentile par nombre de réponses
Votre historique - résultats
Vous n’avez pas pris ce quiz